000 00325 a2200121 4500
005 20250628191751.0
020 _a9781446273173
100 _aTENNENT, W
245 _aUnderstanding Reading Comprehension: Process and Practice
260 _aLondon
_bSAGE
_c2015
300 _a210p.: ill; tables
_bReference
_c24cm
942 _2ddc
_cBKS
999 _c6173
_d6173